[Event "Deutsche Ländermeisterschaft 2020"]
[Site "Berlin GER"]
[Date "2020.10.03"]
[Round "6"]
[White "Zhou, Lepu Coco"]
[Black "Jacoby, Angelina"]
[Result "1-0"]
[Termination "normal"]
[Board "5.6"]
[WhiteElo "1872"]
[BlackElo "1630"]
[WhiteClock "00:40:35"]
[BlackClock "00:03:30"]
[WhiteTeam "Berlin"]
[BlackTeam "Brandenburg"]
[PlyCount "137"]
[WhiteFideId "16217136"]
[BlackFideId "12999008"]
[EventCountry "GER"]
[EventRounds "7"]
[EventType "team-swiss"]
[EventDate "2020.09.29"]

1. e4 {[%clk 1:30:56]} d5 {[%clk 1:30:54]} 2. exd5 {[%clk 1:31:17]} Qxd5 {[%clk
1:31:19]} 3. Nc3 {[%clk 1:31:39]} Qd8 {[%clk 1:31:45]} 4. d4 {[%clk 1:31:51]}
Nf6 {[%clk 1:32:10]} 5. Nf3 {[%clk 1:31:59]} Bg4 {[%clk 1:32:33]} 6. Be3 {[%clk
1:31:45]} e6 {[%clk 1:31:35]} 7. Bc4 {[%clk 1:31:13]} c6 {[%clk 1:30:53]} 8.
O-O {[%clk 1:30:59]} Bd6 {[%clk 1:29:47]} 9. Re1 {[%clk 1:30:06]} O-O {[%clk
1:29:50]} 10. h3 {[%clk 1:29:52]} Bxf3 {[%clk 1:26:14]} 11. Qxf3 {[%clk
1:30:15]} Nbd7 {[%clk 1:25:15]} 12. Rad1 {[%clk 1:24:24]} Nd5 {[%clk 1:22:06]}
13. Nxd5 {[%clk 1:22:57]} cxd5 {[%clk 1:18:45]} 14. Bd3 {[%clk 1:22:20]} Qf6
{[%clk 1:15:40]} 15. Qxf6 {[%clk 1:20:42]} Nxf6 {[%clk 1:15:59]} 16. Bd2 {[%clk
1:16:29]} Rac8 {[%clk 1:13:07]} 17. b3 {[%clk 1:15:37]} h6 {[%clk 1:07:56]} 18.
c4 {[%clk 1:15:20]} b6 {[%clk 1:05:42]} 19. a4 {[%clk 1:07:01]} Rfd8 {[%clk
1:00:52]} 20. a5 {[%clk 1:05:44]} Bf8 {[%clk 1:00:45]} 21. axb6 {[%clk
1:05:07]} axb6 {[%clk 1:01:07]} 22. Bc3 {[%clk 1:05:12]} Ne8 {[%clk 0:51:49]}
23. Rc1 {[%clk 0:56:19]} g5 {[%clk 0:45:26]} 24. Red1 {[%clk 0:48:20]} Bg7
{[%clk 0:36:30]} 25. cxd5 {[%clk 0:44:50]} Rxd5 {[%clk 0:31:59]} 26. Ba6 Rcd8
{[%clk 0:27:57]} 27. Bb2 {[%clk 0:34:05]} Nf6 {[%clk 0:18:58]} 28. Rc8 {[%clk
0:29:23]} Rxc8 {[%clk 0:12:50]} 29. Bxc8 {[%clk 0:29:46]} Rd8 {[%clk 0:12:41]}
30. Bb7 {[%clk 0:28:55]} Nd5 {[%clk 0:12:43]} 31. Rc1 {[%clk 0:28:21]} Rd7
{[%clk 0:09:20]} 32. Ba6 {[%clk 0:25:43]} Rc7 {[%clk 0:06:04]} 33. Rxc7 {[%clk
0:25:14]} Nxc7 {[%clk 0:06:29]} 34. Bc4 {[%clk 0:25:28]} Ne8 {[%clk 0:05:46]}
35. Kf1 {[%clk 0:25:23]} Nd6 {[%clk 0:05:55]} 36. Bd3 {[%clk 0:25:41]} Nb7
{[%clk 0:04:10]} 37. Ke2 {[%clk 0:25:18]} Kf8 {[%clk 0:03:10]} 38. Ba3+ {[%clk
0:25:20]} Ke8 {[%clk 0:03:01]} 39. Bb5+ {[%clk 0:25:35]} Kd8 {[%clk 0:03:06]}
40. Kd3 {[%clk 0:25:52]} Kc7 {[%clk 0:01:37]} 41. Be8 {[%clk 0:24:57]} f5
{[%clk 0:29:36]} 42. Bg6 {[%clk 0:53:18]} Kc6 {[%clk 0:19:27]} 43. g4 {[%clk
0:52:52]} f4 {[%clk 0:18:15]} 44. Be4+ {[%clk 0:52:26]} Kc7 {[%clk 0:18:11]}
45. Bf3 {[%clk 0:51:05]} Nd6 {[%clk 0:17:48]} 46. Bg2 {[%clk 0:48:42]} Bf6
{[%clk 0:14:26]} 47. d5 {[%clk 0:48:19]} exd5 {[%clk 0:13:26]} 48. Bxd5 {[%clk
0:48:41]} Bg7 {[%clk 0:13:41]} 49. Bc1 {[%clk 0:46:44]} Ba1 {[%clk 0:11:55]}
50. h4 {[%clk 0:46:19]} Bf6 {[%clk 0:11:25]} 51. hxg5 {[%clk 0:46:41]} hxg5
{[%clk 0:11:47]} 52. f3 {[%clk 0:47:00]} Bg7 {[%clk 0:11:36]} 53. Bd2 {[%clk
0:47:22]} Kd7 {[%clk 0:10:27]} 54. Be1 {[%clk 0:47:19]} Bf6 {[%clk 0:10:31]}
55. Bf2 {[%clk 0:47:37]} Kc7 {[%clk 0:09:22]} 56. Bd4 {[%clk 0:47:35]} Be7
{[%clk 0:09:21]} 57. Be5 {[%clk 0:47:53]} Kd7 {[%clk 0:09:10]} 58. Bh8 {[%clk
0:46:39]} Bd8 {[%clk 0:07:54]} 59. Kd4 {[%clk 0:46:54]} Ke7 {[%clk 0:07:29]}
60. b4 {[%clk 0:45:49]} Kf8 {[%clk 0:06:31]} 61. Kd3 {[%clk 0:43:06]} Ke7
{[%clk 0:05:45]} 62. Bg7 {[%clk 0:42:50]} Ne8 {[%clk 0:05:26]} 63. Be5 {[%clk
0:41:46]} Nd6 {[%clk 0:05:11]} 64. Bb3 {[%clk 0:41:39]} Bc7 {[%clk 0:05:08]}
65. Kd4 {[%clk 0:39:49]} Bd8 {[%clk 0:05:14]} 66. Kd5 {[%clk 0:39:46]} Bc7
{[%clk 0:04:15]} 67. Kc6 {[%clk 0:39:59]} Bb8 {[%clk 0:03:20]} 68. Ba2 {[%clk
0:40:20]} b5 {[%clk 0:03:30]} 69. Bd5 {[%clk 0:40:35]} 1-0

[Event "Deutsche Ländermeisterschaft 2020"]
[Site "Berlin GER"]
[Date "2020.10.03"]
[Round "6"]
[White "Schiewe, Nadin"]
[Black "Nitsche, Nikolai"]
[Result "0-1"]
[Termination "normal"]
[Board "5.7"]
[WhiteElo "1660"]
[BlackElo "1721"]
[WhiteClock "00:26:50"]
[BlackClock "00:34:51"]
[WhiteTeam "Brandenburg"]
[BlackTeam "Berlin"]
[PlyCount "116"]
[WhiteFideId "16209079"]
[BlackFideId "16221036"]
[EventCountry "GER"]
[EventRounds "7"]
[EventType "team-swiss"]
[EventDate "2020.09.29"]

1. d4 {[%clk 1:30:58]} d5 {[%clk 1:30:55]} 2. Nf3 {[%clk 1:31:19]} Nf6 {[%clk
1:31:15]} 3. e3 {[%clk 1:31:39]} e6 {[%clk 1:31:27]} 4. Bd3 {[%clk 1:32:00]} c5
{[%clk 1:31:46]} 5. c3 {[%clk 1:32:19]} Nc6 {[%clk 1:31:51]} 6. Ne5 {[%clk
1:30:18]} Nxe5 {[%clk 1:31:03]} 7. dxe5 {[%clk 1:30:41]} Nd7 {[%clk 1:31:28]}
8. f4 {[%clk 1:30:23]} c4 {[%clk 1:30:15]} 9. Bc2 {[%clk 1:30:21]} b6 {[%clk
1:28:21]} 10. Nd2 {[%clk 1:28:16]} Be7 {[%clk 1:19:46]} 11. Nf3 {[%clk
1:27:19]} O-O {[%clk 1:10:51]} 12. O-O {[%clk 1:26:06]} Bb7 {[%clk 1:06:33]}
13. Nd4 {[%clk 1:16:56]} Bc5 {[%clk 0:53:13]} 14. Rf3 {[%clk 1:10:38]} g6
{[%clk 0:51:15]} 15. Rg3 {[%clk 1:08:40]} Qe7 {[%clk 0:50:41]} 16. Qg4 {[%clk
0:58:27]} Kh8 {[%clk 0:40:27]} 17. Bd2 {[%clk 0:54:56]} Bxd4 {[%clk 0:34:43]}
18. exd4 {[%clk 0:55:07]} f5 {[%clk 0:34:58]} 19. Qh3 {[%clk 0:49:50]} b5
{[%clk 0:34:44]} 20. Rxg6 {[%clk 0:43:46]} Rf7 {[%clk 0:30:22]} 21. Be1 {[%clk
0:38:01]} Re8 {[%clk 0:30:31]} 22. a4 {[%clk 0:35:34]} a6 {[%clk 0:27:55]} 23.
axb5 {[%clk 0:34:19]} axb5 {[%clk 0:28:07]} 24. Bh4 {[%clk 0:30:56]} Qf8 {[%clk
0:27:04]} 25. Ra7 {[%clk 0:30:15]} Bc8 {[%clk 0:25:11]} 26. Kf2 {[%clk
0:17:54]} b4 {[%clk 0:19:38]} 27. Ba4 {[%clk 0:14:30]} bxc3 {[%clk 0:19:19]}
28. bxc3 {[%clk 0:03:34]} Qa3 {[%clk 0:18:44]} 29. Rxd7 {[%clk 0:03:03]} Qb2+
{[%clk 0:18:17]} 30. Kf1 {[%clk 0:02:58]} Qc1+ {[%clk 0:17:53]} 31. Ke2 {[%clk
0:03:08]} Qb2+ {[%clk 0:17:44]} 32. Ke1 {[%clk 0:02:22]} Bxd7 {[%clk 0:12:56]}
33. Bxd7 {[%clk 0:02:14]} Ra8 {[%clk 0:12:11]} 34. Kf1 {[%clk 0:01:05]} Qc1+
{[%clk 0:09:55]} 35. Be1 {[%clk 0:01:09]} Qxf4+ {[%clk 0:09:27]} 36. Kg1 {[%clk
0:01:00]} Ra1 {[%clk 0:09:05]} 37. Qg3 {[%clk 0:00:45]} Qxg3 {[%clk 0:08:38]}
38. Rxg3 {[%clk 0:01:10]} Rxd7 {[%clk 0:09:02]} 39. Kf2 {[%clk 0:00:53]} f4
{[%clk 0:08:24]} 40. Rg4 {[%clk 0:01:09]} Rb7 {[%clk 0:08:43]} 41. Rxf4 {[%clk
0:00:40]} Rb2+ {[%clk 0:07:24]} 42. Kg3 {[%clk 0:01:04]} Rxe1 {[%clk 0:07:32]}
43. Rf6 {[%clk 0:01:19]} Rb6 {[%clk 0:07:52]} 44. Kg4 {[%clk 0:01:38]} Kg7
{[%clk 0:07:33]} 45. Kg5 {[%clk 0:01:54]} Re4 {[%clk 0:07:43]} 46. g4 {[%clk
0:01:56]} Re3 {[%clk 0:05:10]} 47. h4 {[%clk 0:01:43]} Rg3 {[%clk 0:03:30]} 48.
h5 {[%clk 0:30:21]} h6+ {[%clk 0:33:00]} 49. Kf4 {[%clk 0:29:39]} Rxc3 {[%clk
0:33:17]} 50. g5 {[%clk 0:29:29]} hxg5+ {[%clk 0:33:40]} 51. Kxg5 {[%clk
0:29:50]} Rg3+ {[%clk 0:34:03]} 52. Kh4 {[%clk 0:29:27]} Rg1 {[%clk 0:34:13]}
53. h6+ {[%clk 0:27:45]} Kh7 {[%clk 0:33:58]} 54. Kh5 {[%clk 0:27:45]} Rb2
{[%clk 0:33:39]} 55. Rf7+ {[%clk 0:27:17]} Kg8 {[%clk 0:33:45]} 56. Rf4 {[%clk
0:26:01]} Rh2+ {[%clk 0:34:03]} 57. Rh4 {[%clk 0:26:23]} Rxh4+ {[%clk 0:34:26]}
58. Kxh4 {[%clk 0:26:50]} c3 {[%clk 0:34:51]} 0-1

[Event "Deutsche Ländermeisterschaft 2020"]
[Site "Berlin GER"]
[Date "2020.10.03"]
[Round "6"]
[White "Richter, Nils"]
[Black "Fromm, Marius"]
[Result "1/2-1/2"]
[Termination "normal"]
[Board "6.1"]
[WhiteTitle "FM"]
[WhiteElo "2307"]
[BlackElo "2190"]
[WhiteClock "00:15:11"]
[BlackClock "00:05:15"]
[WhiteTeam "Württemberg"]
[BlackTeam "Mecklenburg-Vorpommern"]
[PlyCount "68"]
[WhiteFideId "12990809"]
[BlackFideId "12993190"]
[EventCountry "GER"]
[EventRounds "7"]
[EventType "team-swiss"]
[EventDate "2020.09.29"]

1. c4 {[%clk 1:30:58]} c5 {[%clk 1:30:54]} 2. Nf3 {[%clk 1:31:20]} Nc6 {[%clk
1:31:07]} 3. e3 {[%clk 1:31:40]} Nf6 {[%clk 1:30:32]} 4. Nc3 {[%clk 1:32:01]}
e6 {[%clk 1:24:47]} 5. d4 {[%clk 1:32:12]} d5 {[%clk 1:25:13]} 6. cxd5 {[%clk
1:32:29]} Nxd5 {[%clk 1:25:37]} 7. Bd3 {[%clk 1:32:17]} Be7 {[%clk 1:25:59]} 8.
O-O {[%clk 1:32:35]} O-O {[%clk 1:26:16]} 9. Qe2 {[%clk 1:32:53]} cxd4 {[%clk
1:19:17]} 10. exd4 {[%clk 1:33:21]} Bd7 {[%clk 1:19:38]} 11. Rd1 {[%clk
1:22:47]} Re8 {[%clk 0:49:00]} 12. Nxd5 {[%clk 0:51:23]} exd5 {[%clk 0:49:11]}
13. Ne5 {[%clk 0:51:51]} g6 {[%clk 0:38:35]} 14. Qf3 {[%clk 0:51:05]} Be6
{[%clk 0:37:35]} 15. Nxc6 {[%clk 0:51:12]} bxc6 {[%clk 0:38:02]} 16. Bf4 {[%clk
0:38:27]} Qb6 {[%clk 0:33:59]} 17. Rab1 {[%clk 0:37:28]} a5 {[%clk 0:28:33]}
18. Be5 {[%clk 0:36:05]} Rec8 {[%clk 0:24:00]} 19. h3 {[%clk 0:32:10]} c5
{[%clk 0:21:10]} 20. dxc5 {[%clk 0:30:40]} Qxc5 {[%clk 0:21:33]} 21. Qf4 {[%clk
0:30:20]} Qb4 {[%clk 0:20:18]} 22. Qf3 {[%clk 0:24:21]} Rc6 {[%clk 0:19:10]}
23. a3 {[%clk 0:21:29]} Qb3 {[%clk 0:16:34]} 24. Be2 {[%clk 0:21:57]} Qb7
{[%clk 0:11:02]} 25. Bc3 {[%clk 0:19:15]} Qc7 {[%clk 0:08:10]} 26. Qe3 {[%clk
0:16:24]} Bc5 {[%clk 0:07:11]} 27. Bd4 {[%clk 0:14:42]} Bxd4 {[%clk 0:05:17]}
28. Qxd4 {[%clk 0:15:11]} Rb8 {[%clk 0:05:15]} 29. b4 axb4 30. axb4 Qb6 31. Qf4
Qc7 32. Qd4 Qb6 33. Qf4 Qc7 34. Qd4 Qb6 1/2-1/2

[Event "Deutsche Ländermeisterschaft 2020"]
[Site "Berlin GER"]
[Date "2020.10.03"]
[Round "6"]
[White "Tovmasyan, Minas"]
[Black "Deuer, Marius"]
[Result "0-1"]
[Termination "normal"]
[Board "6.4"]
[WhiteElo "1658"]
[BlackElo "2161"]
[WhiteClock "00:08:45"]
[BlackClock "00:02:34"]
[WhiteTeam "Mecklenburg-Vorpommern"]
[BlackTeam "Württemberg"]
[PlyCount "120"]
[WhiteFideId "16247620"]
[BlackFideId "16236432"]
[EventCountry "GER"]
[EventRounds "7"]
[EventType "team-swiss"]
[EventDate "2020.09.29"]

1. d4 {[%clk 1:30:56]} Nf6 {[%clk 1:30:55]} 2. c4 {[%clk 1:31:20]} e6 {[%clk
1:31:20]} 3. Nf3 {[%clk 1:31:39]} b6 {[%clk 1:31:46]} 4. g3 {[%clk 1:32:02]}
Ba6 {[%clk 1:32:12]} 5. Qc2 {[%clk 1:27:38]} c5 {[%clk 1:32:30]} 6. Bg2 {[%clk
1:26:34]} Bb7 {[%clk 1:32:54]} 7. O-O {[%clk 1:25:14]} Nc6 {[%clk 1:21:14]} 8.
dxc5 {[%clk 1:18:03]} bxc5 {[%clk 1:16:26]} 9. Nc3 {[%clk 1:11:47]} Be7 {[%clk
1:06:24]} 10. e4 {[%clk 1:03:57]} d6 {[%clk 1:03:12]} 11. Rd1 {[%clk 1:01:54]}
Qb8 {[%clk 1:00:45]} 12. b3 {[%clk 0:52:38]} O-O {[%clk 0:55:13]} 13. Re1
{[%clk 0:47:13]} Nd7 {[%clk 0:53:22]} 14. Bf4 {[%clk 0:41:51]} Bf6 {[%clk
0:42:07]} 15. Bg5 {[%clk 0:28:13]} Nd4 {[%clk 0:33:09]} 16. Nxd4 {[%clk
0:27:04]} Bxg5 {[%clk 0:27:05]} 17. Nde2 {[%clk 0:26:39]} Rd8 {[%clk 0:23:15]}
18. f4 {[%clk 0:25:46]} Bf6 {[%clk 0:23:33]} 19. Rad1 {[%clk 0:24:13]} a6
{[%clk 0:21:17]} 20. Rf1 {[%clk 0:15:56]} Qc7 {[%clk 0:18:59]} 21. g4 {[%clk
0:14:39]} h6 {[%clk 0:17:57]} 22. Qd2 {[%clk 0:14:19]} Nb8 {[%clk 0:12:58]} 23.
g5 {[%clk 0:13:55]} hxg5 {[%clk 0:13:08]} 24. fxg5 {[%clk 0:14:19]} Be5 {[%clk
0:13:34]} 25. Nf4 {[%clk 0:08:59]} Nc6 {[%clk 0:03:32]} 26. g6 {[%clk 0:07:40]}
Bxf4 27. Qxf4 {[%clk 0:07:59]} fxg6 {[%clk 0:01:46]} 28. Qg4 {[%clk 0:07:06]}
Qe7 {[%clk 0:01:14]} 29. Qxg6 {[%clk 0:05:04]} Ne5 {[%clk 0:01:36]} 30. Qg3
{[%clk 0:04:30]} Rf8 {[%clk 0:00:57]} 31. Ne2 {[%clk 0:03:27]} Rxf1+ {[%clk
0:00:42]} 32. Rxf1 {[%clk 0:03:56]} Rf8 {[%clk 0:00:39]} 33. Nf4 {[%clk
0:03:06]} Nc6 {[%clk 0:00:41]} 34. Re1 {[%clk 0:00:32]} Qf6 {[%clk 0:00:39]}
35. Ng6 {[%clk 0:00:34]} Rf7 {[%clk 0:00:34]} 36. Kh1 {[%clk 0:00:32]} Qf2
{[%clk 0:00:36]} 37. Rf1 {[%clk 0:00:35]} Qxg3 {[%clk 0:00:41]} 38. hxg3 {[%clk
0:01:05]} Rxf1+ {[%clk 0:00:43]} 39. Bxf1 {[%clk 0:01:33]} Nb4 {[%clk 0:01:12]}
40. a3 {[%clk 0:00:32]} Bxe4+ {[%clk 0:00:39]} 41. Bg2 {[%clk 0:29:59]} Bxg6
{[%clk 0:11:10]} 42. axb4 {[%clk 0:30:20]} cxb4 {[%clk 0:11:35]} 43. Bc6 {[%clk
0:29:25]} Bc2 {[%clk 0:10:16]} 44. Ba4 {[%clk 0:29:45]} Kf7 {[%clk 0:10:18]}
45. Kg1 {[%clk 0:29:22]} Kf6 {[%clk 0:08:25]} 46. Kf2 {[%clk 0:29:44]} Ke5
{[%clk 0:08:42]} 47. Ke3 {[%clk 0:30:08]} g6 {[%clk 0:06:52]} 48. Kd2 {[%clk
0:30:06]} Be4 {[%clk 0:06:42]} 49. Ke3 {[%clk 0:30:21]} Bb7 {[%clk 0:06:26]}
50. Be8 {[%clk 0:26:44]} g5 {[%clk 0:05:16]} 51. Bd7 {[%clk 0:25:04]} d5 {[%clk
0:04:24]} 52. Kd3 {[%clk 0:22:16]} d4 {[%clk 0:04:04]} 53. Kd2 {[%clk 0:13:30]}
Kd6 {[%clk 0:03:50]} 54. Be8 {[%clk 0:13:55]} e5 {[%clk 0:03:54]} 55. Kd3
{[%clk 0:14:15]} Kc5 {[%clk 0:04:20]} 56. Bg6 {[%clk 0:14:22]} Bf3 {[%clk
0:04:39]} 57. Kd2 {[%clk 0:13:51]} e4 {[%clk 0:05:01]} 58. Bf5 {[%clk 0:14:01]}
d3 {[%clk 0:01:56]} 59. Bc8 {[%clk 0:08:44]} Kd4 {[%clk 0:02:10]} 60. Bxa6
{[%clk 0:08:45]} e3+ {[%clk 0:02:34]} 0-1

[Event "Deutsche Ländermeisterschaft 2020"]
[Site "Berlin GER"]
[Date "2020.10.03"]
[Round "6"]
[White "Moldovan, Tatiana"]
[Black "Avetyan, Manan"]
[Result "1-0"]
[Termination "normal"]
[Board "6.7"]
[WhiteElo "1480"]
[BlackElo "1356"]
[WhiteClock "01:19:33"]
[BlackClock "00:01:08"]
[WhiteTeam "Württemberg"]
[BlackTeam "Mecklenburg-Vorpommern"]
[PlyCount "131"]
[WhiteFideId "16287398"]
[BlackFideId "16244737"]
[EventCountry "GER"]
[EventRounds "7"]
[EventType "team-swiss"]
[EventDate "2020.09.29"]

1. e4 {[%clk 1:25:42]} e5 {[%clk 1:30:55]} 2. Nf3 {[%clk 1:24:31]} Nc6 {[%clk
1:31:18]} 3. Bb5 {[%clk 1:24:36]} a6 {[%clk 1:31:28]} 4. Ba4 {[%clk 1:24:47]}
d6 {[%clk 1:31:22]} 5. Bxc6+ {[%clk 1:24:28]} bxc6 {[%clk 1:31:42]} 6. d4
{[%clk 1:22:55]} exd4 {[%clk 1:31:58]} 7. Nxd4 {[%clk 1:22:36]} c5 {[%clk
1:32:00]} 8. Nf3 {[%clk 1:21:59]} Nf6 {[%clk 1:30:45]} 9. e5 {[%clk 1:21:37]}
dxe5 {[%clk 1:26:05]} 10. Qxd8+ {[%clk 1:18:19]} Kxd8 {[%clk 1:26:31]} 11. Nxe5
{[%clk 1:18:44]} Ke8 {[%clk 1:16:58]} 12. O-O {[%clk 1:15:06]} Bd6 {[%clk
1:12:31]} 13. Re1 {[%clk 1:15:12]} Kf8 {[%clk 1:11:28]} 14. Nc4 {[%clk
1:12:17]} Bf5 {[%clk 1:03:27]} 15. c3 {[%clk 1:02:47]} Re8 {[%clk 0:53:35]} 16.
Rxe8+ {[%clk 1:00:35]} Kxe8 {[%clk 0:52:11]} 17. Be3 {[%clk 0:58:21]} h6 {[%clk
0:34:51]} 18. Nbd2 {[%clk 0:55:47]} g5 {[%clk 0:28:18]} 19. Re1 {[%clk
0:54:15]} Kd7 {[%clk 0:27:27]} 20. Nb3 {[%clk 0:52:52]} Re8 {[%clk 0:20:35]}
21. Rd1 {[%clk 0:52:36]} Be6 {[%clk 0:02:57]} 22. Nxd6 {[%clk 0:51:05]} cxd6
{[%clk 0:03:16]} 23. Bxc5 {[%clk 0:51:30]} Ne4 {[%clk 0:02:23]} 24. Be3 {[%clk
0:51:38]} Rb8 {[%clk 0:02:16]} 25. f3 {[%clk 0:50:11]} Nf6 {[%clk 0:02:13]} 26.
Nc5+ {[%clk 0:50:26]} Ke7 {[%clk 0:02:17]} 27. Nxe6 {[%clk 0:50:22]} fxe6
{[%clk 0:02:45]} 28. b3 {[%clk 0:50:26]} Nd5 {[%clk 0:02:20]} 29. Bd4 {[%clk
0:50:11]} Rc8 {[%clk 0:01:55]} 30. c4 {[%clk 0:50:27]} Nb4 {[%clk 0:02:13]} 31.
Rd2 {[%clk 0:50:25]} e5 {[%clk 0:01:26]} 32. Bc3 {[%clk 0:50:54]} Nc6 {[%clk
0:01:37]} 33. Kf2 {[%clk 0:50:09]} Ke6 {[%clk 0:01:34]} 34. Ke3 {[%clk
0:50:09]} Ne7 {[%clk 0:01:32]} 35. g4 {[%clk 0:50:02]} d5 {[%clk 0:01:53]} 36.
Bb4 {[%clk 0:49:30]} dxc4 {[%clk 0:01:59]} 37. Bxe7 {[%clk 0:49:43]} Kxe7
{[%clk 0:02:28]} 38. Rc2 {[%clk 0:49:57]} Kd6 {[%clk 0:01:01]} 39. Ke4 {[%clk
0:49:57]} a5 {[%clk 0:01:03]} 40. a4 {[%clk 0:50:00]} Ke6 41. bxc4 {[%clk
0:49:39]} Rc5 {[%clk 0:01:25]} 42. h3 {[%clk 0:49:06]} Rc8 {[%clk 0:01:33]} 43.
c5 {[%clk 0:49:22]} Rc6 {[%clk 0:02:00]} 44. Rc4 {[%clk 0:49:09]} Rc8 {[%clk
0:02:22]} 45. c6 {[%clk 0:49:29]} Rc7 {[%clk 0:02:17]} 46. Rc5 {[%clk 0:49:46]}
Kd6 {[%clk 0:02:09]} 47. Rxa5 {[%clk 0:49:53]} Rxc6 {[%clk 0:02:07]} 48. Rd5+
{[%clk 0:50:18]} Kc7 {[%clk 0:02:03]} 49. Kxe5 {[%clk 0:50:19]} Rc3 {[%clk
0:01:45]} 50. Ke4 {[%clk 0:50:13]} Kc6 {[%clk 0:01:24]} 51. Rd4 {[%clk
0:49:58]} Rc1 {[%clk 0:01:36]} 52. f4 {[%clk 0:49:39]} Re1+ {[%clk 0:01:28]}
53. Kf5 {[%clk 0:49:23]} Rf1 {[%clk 0:15:28]} 54. Ke5 {[%clk 1:19:42]} Rf3
{[%clk 0:06:05]} 55. fxg5 {[%clk 1:19:54]} hxg5 {[%clk 0:05:57]} 56. Ke4 {[%clk
1:19:54]} Rxh3 {[%clk 0:05:14]} 57. Kf5 {[%clk 1:20:09]} Kc5 {[%clk 0:04:11]}
58. Re4 {[%clk 1:19:12]} Kd5 {[%clk 0:03:37]} 59. Re8 {[%clk 1:19:14]} Ra3
{[%clk 0:02:49]} 60. Ra8 {[%clk 1:19:41]} Kd6 {[%clk 0:01:44]} 61. Kxg5 {[%clk
1:18:59]} Ke6 62. Kg6 Ke5 {[%clk 0:00:34]} 63. g5 {[%clk 1:19:40]} Kf4 {[%clk
0:00:59]} 64. Kf6 {[%clk 1:19:33]} Kg4 {[%clk 0:00:46]} 65. g6 {[%clk 1:19:33]}
Rf3+ {[%clk 0:01:08]} 66. Kg7 1-0

[Event "Deutsche Ländermeisterschaft 2020"]
[Site "Berlin GER"]
[Date "2020.10.03"]
[Round "6"]
[White "Weidenhöfer, Max"]
[Black "Khachatryan, Taron"]
[Result "1/2-1/2"]
[Termination "normal"]
[Board "7.3"]
[WhiteElo "1897"]
[BlackElo "2136"]
[WhiteClock "00:03:21"]
[BlackClock "00:51:42"]
[WhiteTeam "Bremen"]
[BlackTeam "Schleswig-Holstein"]
[PlyCount "128"]
[WhiteFideId "16230566"]
[BlackFideId "16216598"]
[EventCountry "GER"]
[EventRounds "7"]
[EventType "team-swiss"]
[EventDate "2020.09.29"]

1. e4 {[%clk 1:30:57]} c5 {[%clk 1:30:52]} 2. Nf3 {[%clk 1:31:23]} d6 {[%clk
1:31:16]} 3. d4 {[%clk 1:31:50]} cxd4 {[%clk 1:31:40]} 4. Nxd4 {[%clk 1:32:15]}
Nf6 {[%clk 1:32:02]} 5. Nc3 {[%clk 1:32:43]} a6 {[%clk 1:32:20]} 6. Be3 {[%clk
1:33:09]} e5 {[%clk 1:32:45]} 7. Nb3 {[%clk 1:33:33]} Be6 {[%clk 1:33:11]} 8.
f3 {[%clk 1:33:50]} Be7 {[%clk 1:33:34]} 9. Qd2 {[%clk 1:34:15]} Nbd7 {[%clk
1:33:58]} 10. O-O-O {[%clk 1:31:39]} O-O {[%clk 1:33:58]} 11. g4 {[%clk
1:31:45]} b5 {[%clk 1:34:23]} 12. Kb1 {[%clk 1:29:35]} Nb6 {[%clk 1:34:22]} 13.
g5 {[%clk 1:27:12]} Nh5 {[%clk 1:34:33]} 14. Nd5 {[%clk 1:22:05]} Nxd5 {[%clk
1:34:16]} 15. exd5 {[%clk 1:22:30]} Bf5 {[%clk 1:34:42]} 16. Na5 {[%clk
1:18:53]} Bd7 {[%clk 1:33:40]} 17. h4 {[%clk 1:10:24]} Ng3 {[%clk 1:32:37]} 18.
Rh2 {[%clk 1:06:08]} Nxf1 {[%clk 1:32:14]} 19. Rxf1 {[%clk 1:06:37]} Qc7 {[%clk
1:32:29]} 20. f4 {[%clk 1:04:09]} f5 {[%clk 1:30:51]} 21. Rd1 {[%clk 0:59:26]}
Bd8 {[%clk 1:28:18]} 22. Nb3 {[%clk 0:56:27]} Qc4 {[%clk 1:24:07]} 23. fxe5
{[%clk 0:49:01]} dxe5 {[%clk 1:24:24]} 24. Nc5 {[%clk 0:49:07]} Be8 {[%clk
1:10:33]} 25. b3 {[%clk 0:41:42]} Qg4 {[%clk 1:10:40]} 26. d6 {[%clk 0:39:00]}
Bc6 {[%clk 1:09:58]} 27. Ne6 {[%clk 0:22:33]} f4 {[%clk 1:09:22]} 28. Nxf8
{[%clk 0:18:11]} fxe3 {[%clk 1:09:38]} 29. Qd3 {[%clk 0:17:57]} Kxf8 {[%clk
1:07:40]} 30. Rf1+ {[%clk 0:17:16]} Kg8 {[%clk 1:07:08]} 31. Qxe3 {[%clk
0:16:55]} Qd4 {[%clk 1:06:03]} 32. Qxd4 {[%clk 0:12:11]} exd4 {[%clk 1:06:30]}
33. Rhf2 {[%clk 0:12:31]} Bb6 {[%clk 1:06:33]} 34. Rf7 {[%clk 0:12:36]} Re8
{[%clk 0:59:21]} 35. h5 {[%clk 0:09:10]} Bd5 {[%clk 0:35:06]} 36. g6 {[%clk
0:05:01]} Rd8 {[%clk 0:32:44]} 37. Re7 {[%clk 0:04:25]} hxg6 {[%clk 0:28:55]}
38. hxg6 {[%clk 0:04:36]} Bc5 {[%clk 0:28:49]} 39. Re5 {[%clk 0:03:14]} Bg2
{[%clk 0:29:16]} 40. Rfe1 {[%clk 0:00:49]} Bxd6 {[%clk 0:29:39]} 41. Re8+
{[%clk 0:16:59]} Rxe8 {[%clk 1:00:03]} 42. Rxe8+ {[%clk 0:17:28]} Bf8 {[%clk
1:00:24]} 43. a3 {[%clk 0:13:41]} Bc6 {[%clk 0:58:14]} 44. Re6 {[%clk 0:13:43]}
Bb7 {[%clk 0:58:25]} 45. b4 {[%clk 0:13:43]} Bc8 {[%clk 0:58:40]} 46. Rc6
{[%clk 0:12:45]} Bb7 {[%clk 0:58:58]} 47. Rb6 {[%clk 0:13:05]} Bc8 {[%clk
0:59:22]} 48. Kc1 {[%clk 0:12:59]} a5 {[%clk 0:53:53]} 49. Rxb5 {[%clk
0:09:20]} axb4 {[%clk 0:54:19]} 50. axb4 {[%clk 0:09:39]} Bd7 {[%clk 0:50:51]}
51. Rb6 {[%clk 0:08:37]} Be8 {[%clk 0:48:45]} 52. Re6 {[%clk 0:04:09]} Bxg6
{[%clk 0:48:54]} 53. Rxg6 {[%clk 0:04:09]} Bxb4 {[%clk 0:49:16]} 54. Kd1 {[%clk
0:04:05]} Kf7 {[%clk 0:49:36]} 55. Ra6 {[%clk 0:04:17]} Be7 {[%clk 0:49:42]}
56. Ke2 {[%clk 0:03:28]} Bf6 {[%clk 0:49:52]} 57. Kd3 {[%clk 0:03:51]} Ke7
{[%clk 0:50:12]} 58. Ke4 {[%clk 0:03:52]} Kd7 {[%clk 0:49:41]} 59. Kf5 {[%clk
0:03:47]} Ke7 {[%clk 0:49:52]} 60. Re6+ {[%clk 0:04:08]} Kd7 {[%clk 0:50:14]}
61. Re4 {[%clk 0:03:23]} Kd6 {[%clk 0:50:31]} 62. Re1 {[%clk 0:02:43]} Kd5
{[%clk 0:50:53]} 63. Rd1 {[%clk 0:02:57]} Kc4 {[%clk 0:51:18]} 64. Rd3 {[%clk
0:03:21]} Kc5 {[%clk 0:51:42]} 1/2-1/2